• 首页
  • 本馆介绍
  • 公告通知
  • 最新文献
  • 馆藏检索
  • 电子资源
  • 读者导购
  • 参考咨询
  • 我的图书馆
  • 登录
  • 详细信息显示
  • 放入我的书架
  • 预约/预借图书
  • 作者相关作品
  • 分类相关作品
  • 丛书相关作品
  • 出版社相关作品

书目信息

  • 表格格式
  • 工作单格式
  • 卡片格式
题名:
政策与法制
    
 
作者: 沈寿文 著
分册:  
出版信息: 北京   中国社会科学出版社  2007
页数: 248页
开本: 21cm
丛书名: 云南大学法学文库
单 册:
中图分类: R197.1
科图分类:
主题词: 农村--合作医疗--研究--中国 , 农村 , 合作医疗
电子资源:
ISBN: 978-7-5004-6349-8
000 01141oam2 2200289 45
001 1029931452
005 20100429093404.43
010    @a978-7-5004-6349-8@dCNY24.00
100    @a20100420d2007 em y0chiy50 ea
101 0  @achi
102    @aCN@b110000
105    @ay z 000yy
106    @ar
200 1  @a政策与法制@AZheng Ce Yu Fa Zhi@e农村合作医疗制度演进浅论@ENong Cun He Zuo Yi Liao Zhi Du Yan Jin Qian Lun@f沈寿文著@FShen Shou Wen Zhu
210    @a北京@c中国社会科学出版社@d2007
215    @a248页@d21cm
225 2  @a云南大学法学文库
330    @a本书内容包括中国农村传统合作医疗制度的由来、中国农村传统合作医疗制度的特点、中国农村传统合作医疗制度的是非功过、中国农村新型合作医疗制度的演变、中国农村新型合作医疗制度的试点、对中国农村新型合作医疗制度的若干评价。
461  0 @12001 @a云南大学法学文库
517 1  @a农村合作医疗制度演进浅论@ANong Cun He Zuo Yi Liao Zhi Du Yan Jin Qian Lun
606 0  @a农村@x合作医疗@x研究@y中国
606 0  @a农村
606 0  @a合作医疗
690    @aR197.1@v4
701  0 @a沈寿文@AShen Shou Wen@f(1974.12~)@4著
801  0 @aCN@bTANGWEI@c20100429
905    @b0594462-66@dR197.1@e190@f5
    
    政策与法制:农村合作医疗制度演进浅论/沈寿文著.-北京:中国社会科学出版社,2007
    248页;21cm.-(云南大学法学文库)
    
    
    ISBN 978-7-5004-6349-8:CNY24.00
    本书内容包括中国农村传统合作医疗制度的由来、中国农村传统合作医疗制度的特点、中国农村传统合作医疗制度的是非功过、中国农村新型合作医疗制度的演变、中国农村新型合作医疗制度的试点、对中国农村新型合作医疗制度的若干评价。
●
相关链接 在E读中查询图书 在五车中查询图书 在当当中查询图书 在豆瓣中查询图书


正题名:政策与法制     索取号:R197.1/190         预约/预借

序号 登录号 条形码 馆藏地/架位号 状态 备注
1 0594462   205944629   第二样本阅览室/ [索取号:R197.1/190] 在馆    
2 0594463   205944638   第三借阅区/ [索取号:R197.1/190] 在馆    
3 0594464   205944647   第三借阅区/ [索取号:R197.1/190] 在馆    
4 0594465   205944656   第三借阅区/ [索取号:R197.1/190] 在馆    
5 0594466   205944665   第三借阅区/ [索取号:R197.1/190] 在馆    
唐山师范学院图书馆 欢迎您!
大连网信软件有限公司© 版权所有